| 000 | 00600nam a22002051a 4500 | ||
|---|---|---|---|
| 001 | 7386 | ||
| 003 | OSt | ||
| 005 | 20260204212128.0 | ||
| 008 | 071117s2003||||mx ||||||b||||||||||spa|| | ||
| 020 | _a9702603838 | ||
| 050 | _a519 H119m | ||
| 100 | _aHaeussler, Ernest F. | ||
| 245 | _aMatemáticas para administración y economía / Ernest F. Haeussler y Richard S. Paul | ||
| 250 | _a10 | ||
| 264 | _aMéxico : Pearson Educación | ||
| 300 | _a846 p | ||
| 650 | _aMatemática Aplicada 2.Matemática - Administración 3.Matemática - Economía | ||
| 700 | _aS. Paul, RichardÌ | ||
| 942 |
_2ddc _cBK |
||
| 999 |
_c7386 _d7386 |
||